000 00720nam a2200289Ia 4500
005 20260324150834.0
008 008 260324s9999 xx 000 0 eng d
020 _a9781315122847
037 _aEBOOK
040 _aCRL
040 _beng
040 _cCRL
041 _2eng
041 _aeng
084 _qCRL
100 _aEleanor F. Rathbone
_91227794
245 0 _aRevival: Child Marriage: The Indian Minotaur (1934)
245 3 _bAn Object-Lesson From the Past to the Future
260 _bTaylor and Francis
260 _c1934
365 _a
365 _b240
856 _uhttp://www.taylorfrancis.com/books/9781315122847
942 _cEBOOK
999 _c1837950
_d1837950